| 000 | 00642nam a2200229Ia 4500 | ||
|---|---|---|---|
| 003 | OSt | ||
| 005 | 20220928114904.0 | ||
| 006 | a|||||r|||| 00| 0 | ||
| 007 | ta | ||
| 008 | 220927b |||||||| |||| 00| 0 eng d | ||
| 024 | _a29446 | ||
| 037 | _cTextual | ||
| 040 |
_aSDCL _cSDCL _beng |
||
| 041 |
_2eng _aeng |
||
| 082 | _aG111, N4 | ||
| 100 |
_aOp Den Kamp Jos A F Ed. _9416855 |
||
| 245 | 0 |
_aBiological membranes _b structure,biogenesis and dynamics. |
|
| 260 |
_aBerlin _bSpringer-Verlag _c1994 |
||
| 300 |
_ax,356p _ccm. |
||
| 942 |
_hG111, N4 _cTEXL _2CC |
||
| 999 |
_c757390 _d757390 |
||